MDQL
is popping MORE tags! Check the
thread
!
Quizzes
Events
Quiz Creation
Community
Videos
Private Events
Remove Ads
Sign In
Join for FREE
Feedback
Dark Mode
Quiz Categories
Sports
Geography
Music
Movies
Television
Just For Fun
Miscellaneous
History
Literature
Language
Science
Gaming
Entertainment
Religion
Holiday
For Kids
Quiz Lab
Recent
Popular Today
Quiz Kudos Today
Editor Picks
Curator Picks
Quizzes by...
Day
Popularity
Type
Ratings
Length
Year
Community
Subscriptions
Recent Discussions
Orange Saloon
Badges
Playlists
Quests
Create
Leaderboards
Showdown
Live 5
Trivia Bingo
Activity
Puzzle Library
Sporcle Events
Private Events
Virtual Trivia
Globe League
Become a Host
Pub Owners
SporcleCon
Opinionation
Our Games
Videos
Blog
Mobile Apps
Partnerships
Remove Ads and Go Orange
Feedback
Sports
Athletes
MLB
NBA
NHL
NFL
Soccer
Sports Teams
WWE
NCAA
Football
Premier League
Basketball
Baseball
Hockey
Golf
Tennis
Cricket
Rugby
Auto Racing
Olympics
World Cup
Sports
Athletes
MLB
NBA
NHL
NFL
Soccer
Sports Teams
WWE
NCAA
Football
Premier League
Basketball
Baseball
Hockey
Golf
Tennis
Cricket
Rugby
Auto Racing
Olympics
World Cup
Random Quiz
Search Sporcle
×
Quiz Lab
Quiz Lab
Sports
Premier League
Type in answers that appear in a list
Type in answers that appear in a list
Classic
Best Score? Go Orange.
Premier League Journeymen Stats
Can you name the players who have played for 5 or more premier league clubs?
By
toongutz
15m
42 Questions
578 Plays
578 Plays
578 Plays
Comments
Comments
Give Quiz Kudos
Give Quiz Kudos
-
- Ratings
hide this ad
Replay
Link that replays current quiz
Next Quiz
Link to next quiz in quiz playlist
You Got
0%
They Got
Avg Score
27%
Avg Friend Score
Upgrade to see
Score Distribution
Jump to the score distribution portion of the page
Score
0/42
Timer
15:00
0
Plays Today
Clubs played for
Player
% Correct
(7) Man Utd, Blackburn, Man City, Fulham, Portsmouth, Sunderland, Newcastle
Andy Cole
68.2%
(8) Leicester, Blackburn, Ipswich, Everton, Charlton, Wigan, Crystal Palace, Wolves
Marcus Bent
61.9%
(5) Liverpool, Man City, Bolton, Arsenal, Chelsea
Nicolas Anelka
61.8%
(5) Spurs, Ipswich, Charlton, Sunderland, Aston Villa
Darren Bent
59%
(6) Coventry, Newcastle, Blackburn, Liverpool, West Ham, Man City
Craig Bellamy
56.7%
(5) Man Utd, Blackburn, Birmingham, Aston Villa, Sunderland
Dwight Yorke
56.7%
(6) Aston Villa, Liverpool, Southampton, Portsmouth, Tottenham, Stoke
Peter Crouch
56.2%
(6) Coventry, Leeds, Spurs, Liverpool, West Ham, Aston Villa
Robbie Keane
55%
(6) Spurs, QPR, Leicester, West Ham, Bolton, Newcastle
Les Ferdinand
41.7%
(5) Southampton, Everton, Blackburn, Man Utd, Chelsea
Mark Hughes
38.4%
(5) Man Utd, Nottingham Forest, Spurs, Portsmouth, West Ham
Teddy Sheringham
36.3%
(5) Aston Villa, West Ham, Man City, Portsmouth, Liverpool
David James
36.2%
(5) Aston Villa, Sheffield Wednesday, Bradford, Derby, Middlesbrough
Benito Carbone
34.9%
(6) Everton, Liverpool, Spurs, Leeds, Hull, Middlesbrough
Nick Barmby
34.8%
(6) Bolton, Chelsea, Man City, Sunderland, Portsmouth, West Ham
Tal Ben Haim
34.6%
(5) Leicester, Liverpool, Birmingham, Wigan, Aston Villa
Emile Heskey
33.2%
(5) Sheffield Utd, Blackburn, Leicester, Newcastle, Man Utd
Keith Gillespie
29.8%
(6) Leicester, Bradford, Aston Villa, Liverpool, Nottingham Forest, Crystal Palace
Stan Collymore
27.5%
(7) Newcastle, Crystal Palace, Spurs, Portsmouth, Fulham, Aston Villa, Swansea
Wayne Routledge
24.2%
(6) Arsenal, Leeds, Birmingham, Liverpool, Portsmouth, Stoke
Jermaine Pennant
23%
(5) Wolves, Wigan, Southampton, West Ham, Stoke
Henri Camara
22.7%
Clubs played for
Player
% Correct
(5) Chelsea, Norwich, Birmingham, Aston Villa, Blackburn
Chris Sutton
21.8%
(5) Wimbledon, Charlton, Ipswich, Portsmouth, Crystal Palace
Hermann Hreidarsson
20.2%
(5) Southampton, Everton, Blackburn, Stoke, Blackpool
James Beattie
20.1%
(5) Norwich, Arsenal, Blackburn, Spurs, Birmingham
David Bentley
19.9%
(6) Portsmouth, Southampton, West Brom, West Ham, Nottingham Forest, QPR
Nigel Quashie
19.4%
(5) Coventry, Leeds, Man City, Norwich, Newcastle
Darren Huckerby
17.8%
(5) Everton, Portsmouth, Wigan, Sheffield Utd, West Ham
David Unsworth
14.5%
(6) Southampton, Chelsea, Fulham, Man City, West Ham, Sunderland
Wayne Bridge
14.4%
(5) Charlton, Spurs, West Ham, Fulham, Liverpool
Paul Konchesky
14.2%
(5) Spurs, Fulham, Wigan, Portsmouth, Man City
Michael Brown
14%
(5) Man Utd, Derby, Southampton, Sunderland, Stoke
Danny Higginbotham
13.7%
(5) Bradford, Barnsley, Blackburn, Derby, Norwich
Ashley Ward
12.5%
(5) Newcastle, Leeds, Sunderland, Burnley, Wigan
Stephen Caldwell
10.9%
(5) Wimbledon, Spurs, Leicester, Man City, Charlton
Ben Thatcher
10.7%
(5) Coventry, Everton, Derby, Blackburn, Birmingham
Lee Carsley
9.5%
(5) Liverpool, Leeds, Charlton, Aston Villa, West Brom
Scott Carson
9.5%
(5) Leeds, Middlesbrough, Man City, Charlton, Derby
Danny Mills
9.3%
(6) Liverpool, Coventry, Blackburn, Wigan, Portsmouth, Bolton
David Thompson
8.1%
(5) Coventry, Sheffield Wednesday, Nottingham Forest, Southampton, Leeds
Carlton Palmer
6.9%
(5) Newcastle, Portsmouth, Derby, Stoke, Reading
Andy Griffin
5.7%
(5) Southampton, Spurs, West Ham, Sunderland, Coventry
Calum Davenport
2.6%
Quiz Playlist
Details
Report
Send in Message
Add To Playlist
Classic:
Type in answers that appear in a list
Last Updated: Feb 16, 2017
Quiz Scoreboard
CHALLENGE
Sign Up to Join the Scoreboard
Show All
Scores
Hide
Comments
May contain spoilers
Recently Published
1-10 Letter E Words III
by El_Dandy
Language
2m
Street Fighter Characters
by Artimus82
Gaming
60s
College Basketball Coaching Resumes
by pancakes188
Sports
9m
More to Explore
Quiz From the Vault
Featured Blog Post
Where Did the Easter Bunny Come From?
hide this ad
You Might Also Like...
Tags
Premier League Quiz
club
Journeymen
League
Nationality
Player
Premier
Today's Top Quizzes in Sports
Browse Sports
hide this ad
Today's Top Quizzes in Premier League
Browse Premier League
Top Contributed Quizzes in Sports
1
2022 World Cup Stars
2
Les meilleurs buteurs des matchs entre le PSG et l’OM
3
FIFA Club World Cup Champions
4
Les entraîneurs de l'OM et du PSG au 21e siècle
5
Criteria MLB: Left Handed Sluggers
6
2023 MLB Unique Player Accomplishments
7
AFC Teams Reveal (Wrong Answers Minefield)
8
Players with Multiple 50 Home Run Seasons
9
5-to-1: FBS Animal Nicknames
10
5-to-1: UK Sports Teams
Explore More
Trending Topics
NBA
Crossword
Anime
Kpop
Disney
Harry Potter
Marvel
Soccer
NFL
Puzzle
The Office
Country
Song
WWE
Pokémon
hide this ad
More By:
toongutz
Quiz
Plays
Rating
Category
Featured
Created
Premier League Hattricks
9,592
4.24
Sports
Sep 26, 2009
Premier League Journeymen
578
5.00
Sports
May 16, 2011
One Premiership Club Men - 10yr Minimum
538
4.33
Sports
Sep 1, 2010
English Football Champions (1888-2011)
498
3.57
Sports
Oct 4, 2009
Ex-Toon players still in the Premiership
399
5.00
Sports
Dec 12, 2009
Go to Creator's Profile
Score Distribution
Quiz Creator Spotlight
toongutz
Follow
Send a Message
Quizzes Created
-
Created Quiz Play Count
-
More By This Creator
Popular Quizzes Today
1
Find the US States - No Outlines Minefield
2
Find the Countries of Europe - No Outlines Minefield
3
The Countries of the World
4
Find the US States
5
Risky Map Clicking: Biggest States A-Z
6
US States
7
Popular People in 1961
8
Movies - When Are They Set?
More Sports Quizzes
MLB Teams by Name Length
Published
Trending Quizzes
Risky Map Clicking: Least Populous States A-Z
Billboard Blitz: Aretha Franklin
Famous Russians: Author or Composer?
Countries of the World: 200 Million BC
1-10 Letter G Words
Recently Updated
Leaping Animals
pecheneg
Reality TV Shows (A-Z)
bhenderson79
Rickey Henderson's Hall of Fame Teammates
pecheneg
Champions League XIs: Arsenal
pecheneg
Quick Pick: Celebrities in WWE's Hall of Fame
aduchscher
A-Z Keypad Blitz II
pecheneg
Multiple Oscar Actors
pecheneg
Mystery Phrase Blitz: Oscar 'Best Actors'
pecheneg
F. Scott Fitzgerald Novels
LTH
Pick 3 Villains
ddd62291
Trending Topics
Anime
Marvel
Kpop
Harry Potter
Crossword
Disney
NBA
WWE
The Office
Song
Soccer
NFL
Pokémon
Puzzle
Country
Your Account Isn't Verified!
In order to create a playlist on Sporcle, you need to verify the email address you used during registration. Go to your
Sporcle Settings
to finish the process.
Report this User
Report this user for behavior that violates our
Community Guidelines
.
Details:
Send Report
Go to the Sporcle.com Mobile Site →
Comments